[Event "AUTO-OPEN-530"]
[Site "http://www.queenalice.com/game.php?id=158907"]
[Date "2007.1.25"]
[Round "1"]
[White "Morpheubsb"]
[Black "bazzo0815"]
[Result "0-1"]
[WhiteElo "1100"]
[BlackElo "1689"]

1. d4 e6 2. e3 b6 3. Nc3 Bb7 4. f3 f5 5. e4 fxe4 6. fxe4 Bb4 7. Qh5+ g6 8. Qb5
Bxc3+ 9. bxc3 Qh4+ 10. g3 Qxe4+ 11. Ne2 Qxh1 12. h4 Bg2 13. Kd2 Bxf1 14. Qe5 Qf3
15. Qe3 Qxe2+ 16. Qxe2 Bxe2 17. Kxe2 Nf6 18. Bf4 d6 19. Rb1 Nbd7 20. c4 O-O 21.
Bh6 Rf7 22. Rf1 e5 23. dxe5 Re8 24. a4 Rxe5+ 25. Kd1 a5 26. Bf4 Re4 27. Bxd6
cxd6 28. Re1 Rxe1+ 29. Kxe1 Ne4 30. g4 Rf2 31. Kd1 Ne5 32. h5 Nf3 33. hxg6 Rd2+
34. Kc1 Nd4 35. Kb2 Rxc2+ 36. Kb1 Nc3+ 37. Ka1 Ra2# 0-1

[Event "AUTO-OPEN-530"]
[Site "http://www.queenalice.com/game.php?id=158936"]
[Date "2007.1.25"]
[Round "1"]
[White "Morpheubsb"]
[Black "Admilton"]
[Result "0-1"]
[WhiteElo "1100"]
[BlackElo "1402"]

1. d4 d5 2. e3 f5 3. Qh5+ g6 4. Qf3 Nf6 5. Nc3 c6 6. Nh3 e6 7. Be2 Bg7 8. Ng5 h6
9. Nh3 Qe7 10. O-O Qd6 11. Nf4 g5 12. Ng6 Ng4 13. a3 Rg8 14. b3 Qxh2# 0-1

[Event "AUTO-OPEN-530"]
[Site "http://www.queenalice.com/game.php?id=158937"]
[Date "2007.1.25"]
[Round "1"]
[White "Admilton"]
[Black "Morpheubsb"]
[Result "1-0"]
[WhiteElo "1425"]
[BlackElo "1146"]

1. e4 e5 2. d4 exd4 3. Qxd4 d6 4. Nc3 Nc6 5. Qc4 Na5 6. Qd5 Nc6 7. Nf3 Be6 8.
Qg5 f6 9. Qb5 a6 10. Qxb7 Qb8 11. Qxc6+ Bd7 12. Qd5 Ne7 13. Qb3 g6 14. Qd5 Nxd5
15. Nxd5 Bc6 16. Nxf6+ Kf7 17. Ng4 Bxe4 18. Ng5+ Kg7 19. Nxe4 Qb4+ 20. c3 Qxe4+
21. Be2 Qxg2 22. Rf1 Qb7 23. b3 a5 24. c4 h5 25. Bb2+ Kh7 26. Bxh8 Kxh8 27. Rd1
Re8 28. Nf6 Re6 29. Nd5 c6 30. Nf4 Qe7 31. Nxe6 Qxe6 32. Rg1 d5 33. Rg5 Bb4+ 34.
Kf1 Qf6 35. cxd5 Qxg5 36. dxc6 Qc5 37. Rd8+ Kh7 38. Rd7+ Kh6 39. c7 Qc2 40. Bd1
Qxa2 41. c8=Q Qb1 42. Qh8+ Kg5 43. Qe5+ Kh4 44. Rd4+ Kh3 45. Qg3# 1-0

[Event "Challenge"]
[Site "http://www.queenalice.com/game.php?id=159559"]
[Date "2007.1.26"]
[Round "-"]
[White "farofa38"]
[Black "Morpheubsb"]
[Result "1-0"]
[WhiteElo "1463"]
[BlackElo "1131"]

1. e4 e5 2. Bc4 Nf6 3. Qf3 Be7 4. g4 O-O 5. g5 Ne8 6. Qc3 d6 7. h4 Nc6 8. b4 Nd4
9. Na3 Bd7 10. f4 Ba4 11. fxe5 dxe5 12. Bd5 Nxc2+ 13. Nxc2 Nd6 14. Qxe5 Bxc2 15.
Nf3 Bxe4 16. Bxe4 Nxe4 17. Qxe4 Qd6 18. b5 a6 19. bxa6 Rxa6 20. Bb2 Qb4 21. Qe5
Re6 22. Bc3 Qe4+ 23. Qxe4 Rxe4+ 24. Kf1 b5 25. d3 Re3 26. Ne5 Bd6 27. Bd4 Rxd3
28. Nxd3 c5 29. Bc3 f6 30. gxf6 gxf6 31. Re1 b4 32. Bb2 c4 33. Nf2 c3 34. Ba1
Bf4 35. Re7 c2 36. Nd3 f5 37. Rg1+ Bg3 38. Rxg3# 1-0

[Event "Revanche!"]
[Site "http://www.queenalice.com/game.php?id=159704"]
[Date "2007.1.27"]
[Round "-"]
[White "Morpheubsb"]
[Black "Stuart"]
[Result "0-1"]
[WhiteElo "1099"]
[BlackElo "979"]

1. e4 e5 2. d3 c6 3. Nf3 Nh6 4. Nxe5 Bb4+ 5. c3 Bc5 6. d4 Be7 7. f3 Bh4+ 8. g3
Bf6 9. Ng4 Kf8 10. e5 Qa5 11. b4 Qb6 12. Na3 Be7 0-1

[Event "Challenge"]
[Site "http://www.queenalice.com/game.php?id=159706"]
[Date "2007.1.27"]
[Round "-"]
[White "Morpheubsb"]
[Black "Moondawg"]
[Result "0-1"]
[WhiteElo "1160"]
[BlackElo "1500"]

1. e4 e5 2. d3 d5 3. exd5 Qxd5 4. Nc3 Qd8 5. Nf3 Nc6 6. Be2 Be7 7. O-O Nf6 8. a3
O-O 9. h3 h6 10. b3 Be6 11. Be3 Bd6 12. d4 Qe7 13. Qd3 exd4 14. Nxd4 Nxd4 15.
Bxd4 Bxa3 16. Nb1 Bd6 17. Bg4 Nxg4 18. hxg4 Bxg4 19. Nc3 a6 20. Rae1 Qg5 21. Ne4
Qf4 22. Qc3 Qh2# 0-1

[Event "Challenge"]
[Site "http://www.queenalice.com/game.php?id=159707"]
[Date "2007.1.27"]
[Round "-"]
[White "Morpheubsb"]
[Black "reccanello"]
[Result "0-1"]
[WhiteElo "1051"]
[BlackElo "1100"]

1. e4 e5 2. d3 Nf6 3. Nc3 Nc6 4. Nf3 Bc5 5. Be2 d6 6. O-O d5 7. exd5 Nxd5 8. d4
exd4 9. Nxd5 Qxd5 10. Bd2 Bf5 0-1

[Event "Challenge"]
[Site "http://www.queenalice.com/game.php?id=159708"]
[Date "2007.1.27"]
[Round "-"]
[White "Morpheubsb"]
[Black "WOTE"]
[Result "0-1"]
[WhiteElo "1042"]
[BlackElo "1300"]

1. e4 c5 2. c3 Nc6 3. d4 cxd4 4. cxd4 e6 5. Nc3 Bb4 6. a3 Ba5 7. b4 Bb6 8. Nf3
d5 9. b5 Na5 10. Bd3 Ne7 11. O-O O-O 12. e5 Nf5 13. Bg5 f6 14. Bh4 Nxh4 15. Nxh4
fxe5 16. Qg4 Bxd4 17. Rac1 e4 18. Bb1 Nc4 19. Ne2 e5 0-1

[Event "Challenge"]
[Site "http://www.queenalice.com/game.php?id=160051"]
[Date "2007.1.28"]
[Round "-"]
[White "Morpheubsb"]
[Black "sshspooky"]
[Result "0-1"]
[WhiteElo "1125"]
[BlackElo "1580"]

1. d4 e6 2. Nc3 d5 3. e3 c6 4. Nf3 g6 5. Be2 Bd7 6. Bd2 Nh6 7. O-O Qb6 8. a3
Qxb2 9. Rb1 Qxa3 10. Rxb7 Bb4 11. Qc1 Bc8 12. Rxb8 Rxb8 13. Qa1 Rb6 14. Bc1 Qxc3
15. Bb2 Qxc2 16. Bd1 Qc4 17. Qxa7 Ba6 18. Qa8+ Ke7 19. Be2 Qxe2 20. h3 Qxf1+ 21.
Kh2 Rxa8 22. Ng5 Bd6+ 23. g3 Qxf2+ 24. Kh1 Qf1+ 25. Kh2 Rxb2# 0-1

[Event "Chess"]
[Site "http://www.queenalice.com/game.php?id=160053"]
[Date "2007.1.28"]
[Round "-"]
[White "Morpheubsb"]
[Black "Pollyanna"]
[Result "0-1"]
[WhiteElo "1053"]
[BlackElo "1230"]

1. e4 e5 2. Nc3 b6 3. Nf3 Nc6 4. Be2 d6 5. d3 Ba6 6. O-O Qe7 7. Nd5 Qd7 8. c3
O-O-O 9. b4 g6 10. d4 exd4 11. cxd4 Bb7 12. Ng5 f6 13. Nh3 Nxb4 14. a3 Na6 15.
a4 c6 16. Nc3 Ne7 17. Bd2 Bg7 18. Qb3 h5 0-1

[Event "Challenge"]
[Site "http://www.queenalice.com/game.php?id=160519"]
[Date "2007.1.29"]
[Round "-"]
[White "Moondawg"]
[Black "Morpheubsb"]
[Result "1-0"]
[WhiteElo "1520"]
[BlackElo "1150"]

1. e4 e5 2. Nf3 d6 3. Nc3 Nc6 4. d4 Nxd4 5. Nxd4 exd4 6. Qxd4 Nf6 7. Be2 c5 8.
Qd3 Be7 9. O-O O-O 10. Re1 a6 11. Qg3 Kh8 12. Bd3 Nh5 13. Qe3 b5 14. e5 b4 15.
Na4 Qa5 16. b3 Be6 17. exd6 Bxd6 18. Bb2 Qc7 19. g3 a5 20. Qh6 Be5 21. Qxh7# 1-0

[Event "Challenge"]
[Site "http://www.queenalice.com/game.php?id=160813"]
[Date "2007.1.30"]
[Round "-"]
[White "testplayer"]
[Black "Morpheubsb"]
[Result "1-0"]
[WhiteElo "1338"]
[BlackElo "1111"]

1. c4 e5 2. Nc3 Nf6 3. e4 Nc6 4. Nf3 d6 5. h3 Be7 6. d3 O-O 7. Be3 b6 8. g4 a6
9. g5 Nh5 10. d4 Ng3 11. fxg3 a5 12. d5 Nb4 13. a3 Na6 14. b4 Qd7 15. h4 c6 16.
Bxb6 Qb7 17. bxa5 Bg4 18. Bh3 f5 19. Bxg4 fxg4 20. Nh2 c5 21. Qxg4 Rad8 22. Bxd8
Bxd8 23. Qe6+ Qf7 24. Qxf7+ Rxf7 25. Nb5 Bxa5+ 26. Ke2 Nc7 27. Nxd6 Rd7 28. Nb7
Bc3 29. Rab1 Ne8 30. Kd3 Bd4 31. Rhf1 Nd6 32. Nxd6 Rxd6 33. Rb8+ Rd8 34. Rxd8#
1-0

[Event "Challenge"]
[Site "http://www.queenalice.com/game.php?id=161963"]
[Date "2007.2.1"]
[Round "-"]
[White "Morpheubsb"]
[Black "Moondawg"]
[Result "0-1"]
[WhiteElo "1125"]
[BlackElo "1594"]

1. e4 e5 2. d3 Nf6 3. Nf3 d5 4. Nxe5 Bd6 5. Nf3 dxe4 6. Nc3 exf3 7. gxf3 O-O 8.
Bd2 Re8+ 9. Ne4 Be5 10. f4 Bxb2 11. c4 Bxa1 12. Qxa1 Nxe4 13. dxe4 Rxe4+ 14. Be2
Bg4 15. Qd1 Rxe2+ 16. Kf1 Rxf2+ 17. Kxf2 Bxd1 18. Rxd1 Qh4+ 19. Kf3 Qh5+ 20. Ke4
Qxd1 21. Bb4 Qb1+ 22. Kd4 Qxb4 23. a3 Nc6+ 24. Kd3 Rd8+ 25. Ke3 Qxa3+ 0-1

[Event "Challenge"]
[Site "http://www.queenalice.com/game.php?id=162439"]
[Date "2007.2.2"]
[Round "-"]
[White "Morpheubsb"]
[Black "EduardoGP"]
[Result "0-1"]
[WhiteElo "1099"]
[BlackElo "1517"]

1. e4 c5 2. d3 Nc6 3. Nc3 Nf6 4. Nf3 d6 5. Nd5 e6 6. Nc3 a6 7. Be2 b5 8. O-O Be7
9. Be3 O-O 10. a3 Nd7 11. b3 Bf6 12. d4 Qa5 13. Bd2 Bxd4 14. Nb1 b4 15. Qc1 Bxa1
0-1